<?xml version="1.0" encoding="UTF-8"?>
<record
    xmlns:xsi="http://www.w3.org/2001/XMLSchema-instance"
    xsi:schemaLocation="http://www.loc.gov/MARC21/slim http://www.loc.gov/standards/marcxml/schema/MARC21slim.xsd"
    xmlns="http://www.loc.gov/MARC21/slim">

  <leader>00413nam a2200157Ia 4500</leader>
  <controlfield tag="008">230718s9999    xx            000 0 und d</controlfield>
  <datafield tag="041" ind1=" " ind2=" ">
    <subfield code="a">eng</subfield>
  </datafield>
  <datafield tag="082" ind1=" " ind2=" ">
    <subfield code="a">338</subfield>
    <subfield code="b">CYA</subfield>
  </datafield>
  <datafield tag="100" ind1=" " ind2=" ">
    <subfield code="a">Cyainer S.</subfield>
    <subfield code="9">143344</subfield>
  </datafield>
  <datafield tag="245" ind1=" " ind2=" ">
    <subfield code="a">Free Thikness A-z Of The New World Of Business</subfield>
  </datafield>
  <datafield tag="260" ind1=" " ind2=" ">
    <subfield code="c">2000</subfield>
    <subfield code="b">Capstone</subfield>
  </datafield>
  <datafield tag="300" ind1=" " ind2=" ">
    <subfield code="a">302</subfield>
  </datafield>
  <datafield tag="365" ind1=" " ind2=" ">
    <subfield code="c">Rs.</subfield>
    <subfield code="b">606.35</subfield>
  </datafield>
  <datafield tag="700" ind1=" " ind2=" ">
    <subfield code="a">Cyainer S.</subfield>
    <subfield code="9">143344</subfield>
  </datafield>
  <datafield tag="906" ind1=" " ind2=" ">
    <subfield code="d">B:335224-Feb-2000</subfield>
    <subfield code="c">OTH</subfield>
    <subfield code="b">90.95</subfield>
  </datafield>
  <datafield tag="999" ind1=" " ind2=" ">
    <subfield code="c">300028</subfield>
    <subfield code="d">300028</subfield>
  </datafield>
  <datafield tag="952" ind1=" " ind2=" ">
    <subfield code="0">0</subfield>
    <subfield code="1">0</subfield>
    <subfield code="4">0</subfield>
    <subfield code="7">0</subfield>
    <subfield code="a">CCEP</subfield>
    <subfield code="b">CCEP</subfield>
    <subfield code="d">2000-03-09</subfield>
    <subfield code="e">Tbs</subfield>
    <subfield code="f">OTH</subfield>
    <subfield code="g">515.40</subfield>
    <subfield code="i">3352</subfield>
    <subfield code="l">0</subfield>
    <subfield code="o">338</subfield>
    <subfield code="p">CCEP-BK-11234</subfield>
    <subfield code="r">2023-07-18 00:00:00</subfield>
    <subfield code="t">90.95</subfield>
    <subfield code="v">606.35</subfield>
    <subfield code="w">2000-02-24</subfield>
    <subfield code="y">BK</subfield>
    <subfield code="z">011234</subfield>
  </datafield>
</record>
